Bandeiras de Territórios não independentes - Statistics

Estatísticas Gerais
  • Esse quiz foi jogado 1 312 vezes
  • A pontuação média é 13 de 18
Estatísticas das Respostas
Imagem Resposta % Correto
Groenlândia
94%
Hong Kong
91%
Porto Rico
89%
Macau
84%
Guam
82%
Ilhas Virgens Americanas
77%
Gibraltar
76%
Ilha de Man
76%
Ilhas Faroé
73%
Samoa Americana
73%
Ilhas Virgens Britânicas
70%
Curaçao
69%
Aruba
68%
Guiana Francesa
68%
Nova Caledonia
67%
Polinesia Francesa
65%
Ilhas Malvinas
48%
Ilha de Páscoa
38%
Nenhum quiz correspondente encontrado
Distribuição das Pontuações
Porcentagem de Pessoas com Cada Pontuação
Percentil de Números Respondidos
Sua Pontuação Histórica
Você não jogou esse quiz